[Event "POL-chT3 Dolnoslaskie 1718"]
[Site "Poland"]
[Date "2017.11.05"]
[Round "3.13"]
[White "Paprocki, Artur"]
[Black "Marko, Piotr"]
[Result "0-1"]
[WhiteElo "1871"]
[BlackElo "1819"]
[PlyCount "48"]
[EventDate "2017.10.08"]
[EventType "team-tourn"]
[EventRounds "11"]
[EventCountry "POL"]
[SourceTitle "EXT 2019"]
[Source "ChessBase"]
[SourceDate "2018.10.10"]
[SourceVersion "1"]
[SourceVersionDate "2018.10.10"]
[SourceQuality "1"]

1. d4 Nf6 2. Nf3 g6 3. e3 Bg7 4. Bd3 d5 5. 0-0 0-0 6. b3 c5 7. Bb2 b6 8. Nbd2 Nc6 9. c4 Bb7 10. dxc5 bxc5 11. cxd5 Qxd5 12. Bc4 Qh5 13. Be2 Rad8 14. Qb1 Rxd2 15. Nxd2 Qxe2 16. Nf3 Nb4 17. Re1 Qc2 18. a3 Ng4 19. Rf1 Qxb2 20. axb4 Qxa1 21. Qxa1 Bxa1 22. Rxa1 cxb4 23. Rxa7 Ra8 24. Rxa8+ Bxa8 0-1

[Event "POL-chT3 Dolnoslaskie 1617"]
[Site "Poland"]
[Date "2017.02.05"]
[Round "7.24"]
[White "Marko, Piotr"]
[Black "Kawaler, Adam"]
[Result "1-0"]
[WhiteElo "1734"]
[BlackElo "1752"]
[PlyCount "102"]
[EventDate "2016.10.16"]
[EventType "team-tourn"]
[EventRounds "11"]
[EventCountry "POL"]
[SourceTitle "EXT 2018"]
[Source "ChessBase"]
[SourceDate "2017.10.13"]
[SourceVersion "1"]
[SourceVersionDate "2017.10.13"]
[SourceQuality "1"]

1. e4 e6 2. d4 d5 3. Nd2 dxe4 4. Nxe4 Nd7 5. Nf3 Ngf6 6. Bd3 Nxe4 7. Bxe4 Nf6 8. Bg5 Be7 9. Bxf6 Bxf6 10. Qd3 Qe7 11. 0-0-0 g6 12. h4 Bg7 13. Ne5 0-0 14. f4 f5 15. Bf3 Bxe5 16. dxe5 h5 17. Rh3 Kh7 18. Qd4 a5 19. Be2 b6 20. Rc3 Ra7 21. g3 Qf7 22. Bb5 Qe7 23. Bc6 Kh6 24. a3 Kh7 25. Rcd3 Kh6 26. Qc3 a4 27. Rd4 Ra5 28. Bxa4 c5 29. Rd7 Bxd7 30. Rxd7 Qe8 31. Rh7+ Kxh7 32. Bxe8 Rxe8 33. Qb3 b5 34. Qc3 b4 35. axb4 Ra1+ 36. Kd2 cxb4 37. Qxb4 Ra7 38. c4 Kg7 39. c5 Kf7 40. Qb5 Ree7 41. Qc4 Reb7 42. b4 Ra4 43. Kc3 Ra3+ 44. Kb2 Rxg3 45. c6 Rc7 46. b5 Rg2+ 47. Kb3 Rd2 48. b6 Rc8 49. c7 Rd7 50. b7 Rcxc7 51. Qxc7 Rxc7 1-0

[Event "POL-chT3 Dolnoslaskie 1617"]
[Site "Poland"]
[Date "2017.01.08"]
[Round "5.18"]
[White "Marko, Piotr"]
[Black "Wolska, Marta"]
[Result "1-0"]
[WhiteElo "1734"]
[BlackElo "1553"]
[PlyCount "63"]
[EventDate "2016.10.16"]
[EventType "team-tourn"]
[EventRounds "11"]
[EventCountry "POL"]
[SourceTitle "EXT 2018"]
[Source "ChessBase"]
[SourceDate "2017.10.13"]
[SourceVersion "1"]
[SourceVersionDate "2017.10.13"]
[SourceQuality "1"]

1. e4 d5 2. exd5 Qxd5 3. Nc3 Qd8 4. d4 Nf6 5. Nf3 Bg4 6. Be2 e6 7. h3 Bxf3 8. Bxf3 c6 9. 0-0 Bd6 10. Ne4 Nxe4 11. Bxe4 Nd7 12. c4 Nf6 13. Bc2 Qc7 14. Qf3 0-0-0 15. Bd2 Rhe8 16. b4 e5 17. c5 Bf8 18. Bf5+ Kb8 19. dxe5 Rxd2 20. exf6 g6 21. Bd3 Rd8 22. Bc4 R2d4 23. Rac1 Bh6 24. Rc2 Rf4 25. Qc3 Rdd4 26. Re1 a6 27. Re8+ Ka7 28. Re7 Rd1+ 29. Bf1 Qd8 30. g3 Rfd4 31. Qa3 Qd5 32. Qxa6+ 1-0

[Event "Polanica Zdroj op-C 52nd"]
[Site "Polanica Zdroj"]
[Date "2016.08.28"]
[Round "8"]
[White "Majewski, Piotr"]
[Black "Marko, Piotr"]
[Result "1/2-1/2"]
[WhiteElo "1626"]
[BlackElo "1761"]
[PlyCount "59"]
[EventDate "2016.08.20"]
[EventType "swiss"]
[EventRounds "9"]
[EventCountry "POL"]
[SourceTitle "CBM 174 Extra"]
[Source "ChessBase"]
[SourceDate "2016.10.10"]
[SourceVersion "1"]
[SourceVersionDate "2016.10.10"]
[SourceQuality "1"]

1. d4 Nf6 2. c4 g6 3. Nc3 d5 4. cxd5 Nxd5 5. e4 Nxc3 6. bxc3 Bg7 7. Bc4 c5 8. Ne2 Nc6 9. Be3 0-0 10. 0-0 b6 11. Rc1 Qc7 12. Qd2 Bb7 13. Bh6 Rfd8 14. Bxg7 Kxg7 15. Qe3 e5 16. Bb5 Na5 17. Ng3 Qe7 18. dxe5 Qxe5 19. f4 Qd6 20. Rfd1 Qxd1+ 21. Rxd1 Rxd1+ 22. Kf2 Nc6 23. Bxc6 Bxc6 24. f5 Rad8 25. Qg5 R1d6 26. Nh5+ Kf8 27. Nf6 Kg7 28. Nh5+ Kf8 29. Nf6 Kg7 30. Nh5+ 1/2-1/2

[Event "Polanica Zdroj op-C 52nd"]
[Site "Polanica Zdroj"]
[Date "2016.08.28"]
[Round "5"]
[White "Szydelko, Michal"]
[Black "Marko, Piotr"]
[Result "0-1"]
[WhiteElo "1609"]
[BlackElo "1761"]
[PlyCount "104"]
[EventDate "2016.08.20"]
[EventType "swiss"]
[EventRounds "9"]
[EventCountry "POL"]
[SourceTitle "CBM 174 Extra"]
[Source "ChessBase"]
[SourceDate "2016.10.10"]
[SourceVersion "1"]
[SourceVersionDate "2016.10.10"]
[SourceQuality "1"]

1. e4 e5 2. Nf3 Nc6 3. Nc3 Nf6 4. d4 exd4 5. Nxd4 Bb4 6. Nxc6 bxc6 7. Bd3 d5 8. exd5 cxd5 9. 0-0 0-0 10. Bg5 c6 11. Qf3 h6 12. Bxf6 Qxf6 13. Qxf6 gxf6 14. Ne2 Re8 15. Nd4 Bd7 16. Bf5 Bxf5 17. Nxf5 Kh7 18. c3 Bc5 19. Rfe1 Re5 20. Rxe5 fxe5 21. Re1 f6 22. Kf1 Kg6 23. Ne3 a5 24. Ke2 h5 25. Kd3 f5 26. Nc2 Kf6 27. Ke2 a4 28. a3 Rb8 29. Rb1 Ke6 30. Nb4 Kd6 31. Na6 Rb7 32. Nxc5 Kxc5 33. Kd3 e4+ 34. Kc2 Kc4 35. Rd1 c5 36. g3 f4 37. Rg1 fxg3 38. hxg3 Rf7 39. Rg2 Rf3 40. Rh2 d4 41. cxd4 cxd4 42. Rg2 e3 43. fxe3 dxe3 44. Kd1 Rf1+ 45. Ke2 Rf2+ 46. Rxf2 exf2 47. Kxf2 Kb3 48. Ke3 Kxb2 49. Kd2 Kxa3 50. Kc3 Ka2 51. Kc2 a3 52. Kc1 Kb3 0-1

[Event "POL-chT U19 2nd League"]
[Site "Iwonicz"]
[Date "2015.08.01"]
[Round "1.62"]
[White "Flach, Rajmund"]
[Black "Marko, Piotr"]
[Result "0-1"]
[WhiteElo "1482"]
[BlackElo "1737"]
[PlyCount "54"]
[EventDate "2015.07.25"]
[EventType "team-swiss"]
[EventRounds "11"]
[EventCountry "POL"]
[SourceTitle "EXT 2019"]
[Source "ChessBase"]
[SourceDate "2018.10.10"]
[SourceVersion "1"]
[SourceVersionDate "2018.10.10"]
[SourceQuality "1"]
[WhiteTeam "Krakow KKSz 1893 U19 II"]
[BlackTeam "Wroclaw MUKS MDK Fabryczna U19"]
[WhiteTeamCountry "POL"]
[BlackTeamCountry "POL"]

1. e4 e5 2. Nf3 Nc6 3. Bc4 Nf6 4. d3 Be7 5. 0-0 0-0 6. Bb3 d6 7. c3 Na5 8. Bc2 c5 9. b4 cxb4 10. cxb4 Nc6 11. b5 Nb8 12. Nbd2 a6 13. bxa6 Rxa6 14. d4 exd4 15. Nxd4 Nc6 16. N2f3 Bg4 17. Be3 d5 18. e5 Nxe5 19. Qb1 Nxf3+ 20. gxf3 Bh3 21. Rd1 Qc8 22. Kh1 Bd6 23. Bg5 Be5 24. Bxf6 Rxf6 25. Qb3 Rh6 26. Rac1 Bg2+ 27. Kxg2 Qh3+ 0-1

[Event "POL-chT U19 2nd League"]
[Site "Iwonicz"]
[Date "2015.08.01"]
[Round "4.44"]
[White "Marko, Piotr"]
[Black "Gajda, Stanislaw"]
[Result "1/2-1/2"]
[WhiteElo "1737"]
[BlackElo "1549"]
[PlyCount "85"]
[EventDate "2015.07.25"]
[EventType "team-swiss"]
[EventRounds "11"]
[EventCountry "POL"]
[SourceTitle "EXT 2019"]
[Source "ChessBase"]
[SourceDate "2018.10.10"]
[SourceVersion "1"]
[SourceVersionDate "2018.10.10"]
[SourceQuality "1"]
[WhiteTeam "Wroclaw MUKS MDK Fabryczna U19"]
[BlackTeam "Chylice KS Laura U19 II"]
[WhiteTeamCountry "POL"]
[BlackTeamCountry "POL"]

1. e4 c5 2. Nf3 Nc6 3. d4 cxd4 4. Nxd4 g6 5. c4 Bg7 6. Nc2 Nf6 7. Nc3 d6 8. Be2 Bd7 9. 0-0 0-0 10. Be3 Rc8 11. Rc1 Ne5 12. b3 Bc6 13. f3 Nfd7 14. Nd4 Nb6 15. f4 Ned7 16. Bg4 a6 17. f5 Rb8 18. fxg6 fxg6 19. Ne6 Rxf1+ 20. Qxf1 Qe8 21. Ng5 Bf6 22. Be6+ Kg7 23. Nf7 g5 24. Qf5 Nf8 25. Nxg5 Nbd7 26. Nf7 Nxe6 27. Nh6 Nef8 28. Ne2 Qg6 29. Qh3 Bg5 30. Bd4+ e5 31. Nf5+ Kf7 32. Rf1 Ke8 33. Be3 Bxe3+ 34. Qxe3 Nc5 35. Neg3 Rd8 36. Rd1 Rd7 37. b4 Nxe4 38. Nxe4 Qxf5 39. Nxd6+ Rxd6 40. Rxd6 Qb1+ 41. Kf2 Qxa2+ 42. Rd2 Qxc4 43. Qxe5+ 1/2-1/2

[Event "POL-chT3 Dolnoslaskie 1415"]
[Site "Poland"]
[Date "2015.04.12"]
[Round "10.15"]
[White "Marko, Piotr"]
[Black "Koszkul, Wojciech"]
[Result "0-1"]
[WhiteElo "1703"]
[BlackElo "2012"]
[PlyCount "96"]
[EventDate "2014.10.26"]
[EventType "team-tourn"]
[EventRounds "11"]
[EventCountry "POL"]
[SourceTitle "EXT 2018"]
[Source "ChessBase"]
[SourceDate "2017.10.13"]
[SourceVersion "1"]
[SourceVersionDate "2017.10.13"]
[SourceQuality "1"]
[WhiteTeam "Wroclaw MUKS MDK Fabryczna"]
[BlackTeam "Przedwojow Debiut"]
[WhiteTeamCountry "POL"]
[BlackTeamCountry "POL"]

1. e4 e6 2. d4 d5 3. Nd2 Nf6 4. e5 Nfd7 5. Bd3 c5 6. c3 Nc6 7. Ne2 cxd4 8. cxd4 f6 9. exf6 Nxf6 10. 0-0 Bd6 11. Nf3 0-0 12. Bg5 Qb6 13. Rb1 Nb4 14. Nc3 Nxd3 15. Qxd3 Bd7 16. Rfe1 Rac8 17. Bh4 Be8 18. Qe2 Bd7 19. Ne5 Bxe5 20. dxe5 Rc4 21. exf6 Rxh4 22. fxg7 Rf7 23. Rbd1 Rhf4 24. Rd2 Rxf2 25. Qxf2 Rxf2 26. Rxf2 Qc5 27. Ref1 Be8 28. Kh1 Bg6 29. h3 e5 30. Rd2 d4 31. Ne2 d3 32. Nc3 e4 33. Nxe4 Bxe4 34. Rff2 Kxg7 35. a3 Kg6 36. Kh2 Kg5 37. Kg1 h5 38. Kh1 Qc1+ 39. Kh2 b5 40. h4+ Kg4 41. b4 a6 42. Ra2 Qc7+ 43. Kg1 Kg3 44. a4 Qc1+ 45. Rf1 d2 46. Ra1 Qxa1 47. Rxa1 Bc2 48. axb5 axb5 0-1

[Event "POL-chT3 Dolnoslaskie 1415"]
[Site "Poland"]
[Date "2014.11.09"]
[Round "2.8"]
[White "Marko, Piotr"]
[Black "Efinowicz, Michal"]
[Result "0-1"]
[WhiteElo "1703"]
[BlackElo "2123"]
[PlyCount "80"]
[EventDate "2014.10.26"]
[EventType "team-tourn"]
[EventRounds "11"]
[EventCountry "POL"]
[SourceTitle "EXT 2018"]
[Source "ChessBase"]
[SourceDate "2017.10.13"]
[SourceVersion "1"]
[SourceVersionDate "2017.10.13"]
[SourceQuality "1"]
[WhiteTeam "Wroclaw MUKS MDK Fabryczna"]
[BlackTeam "Olesnica Pogon"]
[WhiteTeamCountry "POL"]
[BlackTeamCountry "POL"]

1. e4 d6 2. d4 e5 3. Nf3 Nf6 4. Nc3 Nbd7 5. Bc4 Be7 6. 0-0 0-0 7. Qe1 c6 8. a4 b6 9. d5 Bb7 10. dxc6 Bxc6 11. b3 Nc5 12. Bd3 Qc7 13. Bb2 Qb7 14. Qe2 Nh5 15. g3 Nxd3 16. cxd3 f5 17. b4 Qc8 18. d4 Bxe4 19. Nxe5 dxe5 20. Nxe4 fxe4 21. Qxh5 Rf5 22. Qe2 Bxb4 23. Rfc1 Qf8 24. Qc4+ Kh8 25. dxe5 Rxf2 26. Rf1 Rxf1+ 27. Rxf1 Qc5+ 28. Qxc5 Bxc5+ 29. Kg2 Rd8 30. Kh3 Kg8 31. Re1 e3 32. Bc1 Rd3 33. Kg4 Kf7 34. Kf5 Ke7 35. Ke4 Rd4+ 36. Kxe3 Rxa4+ 37. Kd3 Ke6 38. Bb2 Ra2 39. Re2 a5 40. Kc4 Ba3 0-1

[Event "POL-chT U19 2nd League"]
[Site "Szczyrk"]
[Date "2014.08.01"]
[Round "10.44"]
[White "Golda, Sebastian"]
[Black "Marko, Piotr"]
[Result "1/2-1/2"]
[WhiteElo "1730"]
[BlackElo "1628"]
[PlyCount "106"]
[EventDate "2014.07.25"]
[EventType "team-swiss"]
[EventRounds "11"]
[EventCountry "POL"]
[SourceTitle "EXT 2015"]
[Source "ChessBase"]
[SourceDate "2014.11.20"]
[SourceVersion "1"]
[SourceVersionDate "2014.11.20"]
[SourceQuality "1"]
[WhiteTeam "Krakow KKSz U19 II"]
[BlackTeam "Wroclaw MUKS MDK Fabryczna U19"]
[WhiteTeamCountry "POL"]
[BlackTeamCountry "POL"]

1. e4 d5 2. exd5 Qxd5 3. Nc3 Qd6 4. d4 Nf6 5. Bc4 a6 6. h3 e6 7. Nge2 b5 8. Bb3 Bb7 9. 0-0 c5 10. dxc5 Qxd1 11. Rxd1 Bxc5 12. Bg5 Bb6 13. Rd2 Nbd7 14. Rad1 Nc5 15. Nc1 Nfe4 16. Nxe4 Nxe4 17. Rd7 Bc6 18. R7d6 Nxd6 19. Rxd6 Rc8 20. Kf1 h6 21. Bh4 g5 22. Bg3 Ke7 23. Rd1 Rhd8 24. Nd3 Bd5 25. Bxd5 Rxd5 26. Rd2 Ba5 27. c3 b4 28. cxb4 Bxb4 29. Rd1 Rc2 30. a3 Bd6 31. Bxd6+ Rxd6 32. Ke1 f6 33. Rd2 Rxd2 34. Kxd2 e5 35. Ke3 Ke6 36. g4 Kd5 37. b4 Kc4 38. Nc5 a5 39. Ne4 Rd3+ 40. Ke2 a4 41. b5 Rxa3 42. b6 Rb3 43. Nd2+ Kc5 44. Nxb3+ Kxb6 45. Nd2 Kc5 46. Kd3 a3 47. Nb3+ Kb4 48. Kc2 Kc4 49. f3 a2 50. Na1 e4 51. fxe4 Kd4 52. Kd2 Kxe4 53. Ke2 f5 1/2-1/2

[Event "POL-chT U19 2nd League"]
[Site "Szczyrk"]
[Date "2014.07.27"]
[Round "4.44"]
[White "Piela, Dominik"]
[Black "Marko, Piotr"]
[Result "1/2-1/2"]
[WhiteElo "1565"]
[BlackElo "1628"]
[PlyCount "107"]
[EventDate "2014.07.25"]
[EventType "team-swiss"]
[EventRounds "11"]
[EventCountry "POL"]
[SourceTitle "EXT 2015"]
[Source "ChessBase"]
[SourceDate "2014.11.20"]
[SourceVersion "1"]
[SourceVersionDate "2014.11.20"]
[SourceQuality "1"]
[WhiteTeam "Pszczyna PSSz U19"]
[BlackTeam "Wroclaw MUKS MDK Fabryczna U19"]
[WhiteTeamCountry "POL"]
[BlackTeamCountry "POL"]

1. e4 e5 2. Nf3 Nc6 3. Nc3 Nf6 4. Nxe5 Nxe5 5. d4 Ng6 6. e5 Ng8 7. Bc4 d5 8. Bxd5 c6 9. Bb3 Be6 10. Ne4 Qd7 11. Be3 Be7 12. Qd2 Bd5 13. f3 f6 14. e6 Qxe6 15. 0-0 f5 16. Ng5 Qd7 17. c4 Bf7 18. Nxf7 Kxf7 19. c5+ Kf8 20. g4 Rd8 21. Qc2 Bf6 22. Rad1 N8e7 23. g5 Nd5 24. Bxd5 Qxd5 25. gxf6 gxf6 26. Qb3 Qxb3 27. axb3 Rg8 28. Kf2 Kf7 29. Rg1 Rd5 30. Rd3 Rgd8 31. Rgd1 f4 32. Bc1 Rh5 33. Rh1 Rxc5 34. dxc5 Rxd3 35. Ke2 Rxb3 36. Rd1 Ne5 37. Bxf4 Rxb2+ 38. Ke3 Rb3+ 39. Ke4 Ke7 40. Bxe5 fxe5 41. Kxe5 Rxf3 42. Rb1 b5 43. cxb6 axb6 44. Rxb6 Re3+ 45. Kd4 Re6 46. Rb7+ Kd6 47. Rxh7 c5+ 48. Kc4 Re4+ 49. Kd3 Rd4+ 50. Kc3 Ke6 51. Rh5 Kf6 52. Rh8 Kg7 53. Rh5 Kg6 54. Rxc5 1/2-1/2

[Event "POL-chT U19 2nd League"]
[Site "Szczyrk"]
[Date "2014.07.26"]
[Round "2.56"]
[White "Krawiec, Grzegorz"]
[Black "Marko, Piotr"]
[Result "1/2-1/2"]
[WhiteElo "1564"]
[BlackElo "1628"]
[PlyCount "137"]
[EventDate "2014.07.25"]
[EventType "team-swiss"]
[EventRounds "11"]
[EventCountry "POL"]
[SourceTitle "EXT 2015"]
[Source "ChessBase"]
[SourceDate "2014.11.20"]
[SourceVersion "1"]
[SourceVersionDate "2014.11.20"]
[SourceQuality "1"]
[WhiteTeam "Legnica Miedz U19"]
[BlackTeam "Wroclaw MUKS MDK Fabryczna U19"]
[WhiteTeamCountry "POL"]
[BlackTeamCountry "POL"]

1. e4 e5 2. Nf3 Nc6 3. Nc3 Nf6 4. d4 exd4 5. Nd5 Be7 6. Bf4 0-0 7. Bxc7 Qe8 8. Be2 Nxe4 9. Bf4 Qd8 10. Bc7 Bb4+ 11. Nxb4 Qxc7 12. Nxc6 dxc6 13. Qxd4 Qa5+ 14. b4 Qa3 15. 0-0 Nf6 16. Rfd1 Bf5 17. c3 Nd5 18. Nh4 Nxc3 19. Bc4 Nxd1 20. Nxf5 Qc3 21. Rxd1 Qxd4 22. Rxd4 Rad8 23. Kf1 Rxd4 24. Nxd4 Rd8 25. Nf3 Rd1+ 26. Ke2 Rb1 27. Bb3 Kf8 28. Ng5 h6 29. Ne4 Ke7 30. Nd2 Rc1 31. Ne4 f5 32. Nc5 a5 33. Nd3 Rh1 34. bxa5 Kd6 35. h3 c5 36. Ne1 Kc6 37. Bc4 g5 38. a6 bxa6 39. Bxa6 g4 40. hxg4 fxg4 41. Bc8 h5 42. Be6 Kb6 43. Bc4 Kc6 44. Be6 Kd6 45. Bc8 Kc7 46. Be6 Kd6 47. Bc4 h4 48. Ba6 h3 49. gxh3 Rxh3 50. Ng2 Ra3 51. Bc4 Ke5 52. Ne3 Kf4 53. Be6 Kg5 54. Nxg4 Ra6 55. Bc4 Ra8 56. Ne3 Kf4 57. Nc2 Re8+ 58. Ne3 Ke4 59. a4 Kd4 60. Bb5 Rf8 61. a5 Rb8 62. Bc4 Rb2+ 63. Kf3 Rb1 64. a6 Kc3 65. Ke4 Ra1 66. Kd5 Rh1 67. a7 Ra1 68. Kxc5 Rxa7 69. f4 1/2-1/2

[Event "POL-chT U19 2nd League"]
[Site "Szczyrk"]
[Date "2014.07.26"]
[Round "3.50"]
[White "Marko, Piotr"]
[Black "Wilk, Tomasz"]
[Result "1-0"]
[WhiteElo "1628"]
[BlackElo "1767"]
[PlyCount "63"]
[EventDate "2014.07.25"]
[EventType "team-swiss"]
[EventRounds "11"]
[EventCountry "POL"]
[SourceTitle "EXT 2015"]
[Source "ChessBase"]
[SourceDate "2014.11.20"]
[SourceVersion "1"]
[SourceVersionDate "2014.11.20"]
[SourceQuality "1"]
[WhiteTeam "Wroclaw MUKS MDK Fabryczna U19"]
[BlackTeam "Brzozow UKS SP 1 U19"]
[WhiteTeamCountry "POL"]
[BlackTeamCountry "POL"]

1. e4 c5 2. Nf3 Nc6 3. d4 cxd4 4. Nxd4 Nf6 5. Nc3 e5 6. Ndb5 d6 7. Bg5 a6 8. Na3 b5 9. Nd5 Be7 10. Bxf6 Bxf6 11. c3 Bg5 12. Nc2 Rb8 13. Bd3 Be6 14. Nce3 Bxe3 15. fxe3 Qg5 16. Qe2 0-0 17. 0-0 Bxd5 18. exd5 Ne7 19. e4 f5 20. a4 Ng6 21. axb5 Nf4 22. Rxf4 exf4 23. bxa6 Rbe8 24. Qf3 Qd8 25. b4 Qb6+ 26. Qf2 Qc7 27. Qd4 f3 28. gxf3 Qe7 29. exf5 Qg5+ 30. Kh1 Qd2 31. Rg1 Re3 32. Qxg7# 1-0

[Event "POL-chT3 Dolnoslaskie 1314"]
[Site "Poland"]
[Date "2014.01.05"]
[Round "6.15"]
[White "Kmiecik, Emilia"]
[Black "Marko, Piotr"]
[Result "1-0"]
[WhiteElo "1821"]
[BlackElo "1598"]
[PlyCount "117"]
[EventDate "2013.10.20"]
[EventType "team-tourn"]
[EventRounds "11"]
[EventCountry "POL"]
[SourceTitle "EXT 2018"]
[Source "ChessBase"]
[SourceDate "2017.10.13"]
[SourceVersion "1"]
[SourceVersionDate "2017.10.13"]
[SourceQuality "1"]
[WhiteTeam "Przedwojow Debiut"]
[BlackTeam "Wroclaw MUKS MDK Fabryczna"]
[WhiteTeamCountry "POL"]
[BlackTeamCountry "POL"]

1. d4 Nf6 2. c4 g6 3. Nc3 d5 4. e3 Bg7 5. Nf3 0-0 6. Be2 c5 7. 0-0 cxd4 8. exd4 Nc6 9. h3 Bf5 10. Be3 Rc8 11. Rc1 dxc4 12. Bxc4 e6 13. Qe2 Na5 14. Bb5 a6 15. Bd3 Bxd3 16. Qxd3 Nd5 17. Rfd1 Qd6 18. Ne4 Qb6 19. b3 Nc6 20. h4 Ncb4 21. Qb1 Qa5 22. a4 Rc7 23. Bd2 Qb6 24. Rxc7 Nxc7 25. Bf4 Ncd5 26. Bd6 Rd8 27. Bc5 Qc7 28. Rc1 Qd7 29. Ne5 Bxe5 30. dxe5 Nc6 31. Bd6 Kg7 32. Qd3 Rc8 33. Qd2 Rd8 34. h5 Nce7 35. Qg5 Nf5 36. hxg6 hxg6 37. Ba3 Rc8 38. Rd1 Qd8 39. Nf6 Rc3 40. g4 Qh8 41. Nxd5 exd5 42. Qf6+ Kg8 43. Qxh8+ Kxh8 44. gxf5 gxf5 45. Rxd5 Rxb3 46. Bd6 Kg7 47. Be7 b5 48. axb5 axb5 49. Kg2 Rb1 50. Kf3 b4 51. Rb5 b3 52. Ke2 Kg6 53. Rb6+ Kg7 54. Kf3 Rh1 55. Kf4 Rb1 56. Kxf5 Rf1 57. f4 Rb1 58. Bf6+ Kh7 59. Rb8 1-0

[Event "POL-chT U19 2nd League"]
[Site "Borowice"]
[Date "2012.07.24"]
[Round "5"]
[White "Marko, Piotr"]
[Black "Majas, Piotr"]
[Result "0-1"]
[WhiteElo "1526"]
[BlackElo "1783"]
[PlyCount "84"]
[EventDate "2012.07.21"]
[EventType "team-swiss"]
[EventRounds "11"]
[EventCountry "POL"]
[SourceTitle "EXT 2014"]
[Source "ChessBase"]
[SourceDate "2013.11.20"]
[SourceVersion "1"]
[SourceVersionDate "2013.11.20"]
[SourceQuality "1"]
[WhiteTeam "Wroclaw MUKS MDK Fabryczna U19"]
[BlackTeam "Kalisz KTS U19"]
[WhiteTeamCountry "POL"]
[BlackTeamCountry "POL"]

1. e4 c5 2. Nf3 Nc6 3. d4 cxd4 4. Nxd4 Qb6 5. Nb3 Nf6 6. Nc3 e6 7. Qe2 d6 8. Be3 Qc7 9. 0-0-0 a6 10. g4 b5 11. g5 Nd7 12. f4 b4 13. Na4 Bb7 14. f5 Rc8 15. Bg2 Ne7 16. fxe6 fxe6 17. Qf2 Ng6 18. Rhf1 Nde5 19. Nb6 Ng4 20. Qd2 Nxe3 21. Nxc8 Nxd1 22. Rxd1 Qxc8 23. Qxb4 Be7 24. Na5 Ba8 25. Qa4+ Qd7 26. Qc4 Bxg5+ 27. Kb1 0-0 28. Qxa6 Bf4 29. Nc4 Bxh2 30. Nxd6 Rd8 31. c4 Qc7 32. Bh3 Bxd6 33. Bxe6+ Kh8 34. Bd5 Bxd5 35. exd5 Rb8 36. Rc1 Bf4 37. Rc2 Qc5 38. a3 Bd6 39. b4 Qg1+ 40. Ka2 Be5 41. Rd2 Qa1+ 42. Kb3 Qc3+ 0-1

[Event "Wroclaw Cup-B"]
[Site "Wroclaw"]
[Date "2012.05.03"]
[Round "9"]
[White "Marko, Piotr"]
[Black "Drgas, Marlena"]
[Result "0-1"]
[WhiteElo "1506"]
[BlackElo "1486"]
[PlyCount "74"]
[EventDate "2012.04.30"]
[EventType "swiss"]
[EventRounds "9"]
[EventCountry "POL"]
[SourceTitle "EXT 2013"]
[Source "ChessBase"]
[SourceDate "2012.11.22"]
[SourceVersion "1"]
[SourceVersionDate "2012.11.22"]
[SourceQuality "1"]

1. e4 c6 2. d4 d5 3. exd5 cxd5 4. Nf3 Nc6 5. c3 Nf6 6. Bg5 Ne4 7. Bh4 Qb6 8. Qc2 Bf5 9. Bd3 h6 10. 0-0 g5 11. Bg3 Nxg3 12. fxg3 Bxd3 13. Qxd3 Qxb2 14. Nbd2 Qa3 15. Ne5 Nxe5 16. dxe5 Qc5+ 17. Kh1 e6 18. Rab1 Rb8 19. Rb5 Qc6 20. Rfb1 Bg7 21. Qe3 b6 22. a4 Bf8 23. Qf3 Qc7 24. Qf6 Rg8 25. a5 Bg7 26. axb6 Rxb6 27. Rxb6 Bxf6 28. Rb8+ Bd8 29. R8b3 Kf8 30. Nf3 g4 31. Nd4 Qxe5 32. Nc6 Qf6 33. Nxd8 Kg7 34. Nc6 Rc8 35. Nxa7 Rxc3 36. Nb5 Rxb3 37. Rxb3 Qf1# 0-1